Random Irish words - Statistics

General Stats
  • This quiz has been taken 1,894 times
    1,891 since last reset
  • The average score is 11 of 16
Answer Stats
Hint Answer % Correct
Éire Ireland
95%
Gaeilge Irish
93%
Agus And
82%
Báile Átha Cliath Dublin
79%
Fáilte Welcome
79%
Tae Tea
77%
Sláinte Health
72%
Leipreachán Leprechaun
72%
Fear Man
69%
Bia Food
67%
Bothar Road
60%
Seamróige Shamrock
57%
Suas Up
56%
Uisce Beatha Whiskey
46%
Slí amach Exit
37%
Smidiríní Smithereens
22%
No matching quizzes found
Score Distribution
Percent of People with Each Score
Percentile by Number Answered
Your Score History
You have not taken this quiz since the last reset